Building on quality: a review of the role of clerk of works (Record no. 96144)

MARC details
000 -LEADER
fixed length control field 00599cam a2200205 4500
008 - FIXED-LENGTH DATA ELEMENTS--GENERAL INFORMATION
fixed length control field 090401t1987 xxu||||| |||| 00| 0 eng d
020 ## - INTERNATIONAL STANDARD BOOK NUMBER
International Standard Book Number 0902716018
035 ## - SYSTEM CONTROL NUMBER
System control number (Sirsi) u76273
041 ## - LANGUAGE CODE
Language code of text/sound track or separate title eng
050 ## - LIBRARY OF CONGRESS CALL NUMBER
Classification number 690.023
110 ## - MAIN ENTRY--CORPORATE NAME
Corporate name or jurisdiction name as entry element Institute of Clerks of Works
9 (RLIN) 2671
245 ## - TITLE STATEMENT
Title Building on quality: a review of the role of clerk of works
260 ## - PUBLICATION, DISTRIBUTION, ETC.
Place of publication, distribution, etc. London
Name of publisher, distributor, etc. Institute of Clerks of Works
Date of publication, distribution, etc. 1987
300 ## - PHYSICAL DESCRIPTION
Extent ii,43p. ; 30cm.
350 ## - PRICE (NR) (BK AM CF MU VM SE) [OBSOLETE]
Price 56
520 ## - SUMMARY, ETC.
Summary, etc. Published jointly with the Department of the Environment .
650 ## - SUBJECT ADDED ENTRY--TOPICAL TERM
Topical term or geographic name entry element CLERKS OF WORKS
942 ## - ADDED ENTRY ELEMENTS (KOHA)
Suppress in OPAC 0
948 ## - LOCAL PROCESSING INFORMATION (OCLC); SERIES PART DESIGNATOR (RLIN)
c (OCLC) 04/03/1997
Holdings
Withdrawn status Lost status Source of classification or shelving scheme Damaged status Not for loan Home library Current library Shelving location Date acquired Cost, normal purchase price Total Checkouts Full call number Barcode Date last seen Date last checked out Copy number Cost, replacement price Price effective from Koha item type
    Dewey Decimal Classification     London London Basement 19/08/1991 56.00 4 BASEMENT 30017936 06/08/2019 05/11/2007 1 56.00 06/08/2019 Book